000 01030cam a2200325 a 4500
001 48689
005 20230410123634.0
008 960528s1996 sp b 000 0 spa
010 _a 96153584
035 _a(OCoLC)ocm39001277
040 _aDLC
_cDLC
020 _a8447006743
020 _a9788447006748
035 _a(OCoLC)39001277
043 _ae-sp---
050 1 4 _aKKT 3127
_bL864d 1996
082 0 0 _a344.46/046
_221
100 1 _aLoperena Rota, Demetrio.
245 1 3 _aEl derecho al medio ambiente adecuado /
_cDemetrio Loperena Rota ; prólogo de José Manuel Castells Arteche.
250 _a1. ed.
260 _a[Oñati] :
_bIVAP, Organismo Autónomo del Gobierno Vasco ;
_aMadrid, España :
_bEditorial Civitas,
_c1996.
300 _a154 p. ;
_c18 cm.
490 0 _aCuadernos Civitas
540 _aIncludes bibliographical references.
650 0 _aEnvironmental law
_zSpain.
710 2 _aInstituto Vasco de Administración Pública
942 _2lcc
_cbk
946 _amfcruz
994 _aC0
_bDRFGD
999 _c65379
_d65379